00273nam a2200097 a 450000500170000000800410001724500750005826000120013399900170014504000130016220200930062942.0110627s2004 000 spa d 0aOrden No. 54 de la Secretaría de Justicia e Instrucción Pública. c[s.f.]. c30960d30960 aDO-SdBNP